[Event "8th EUR-ch (w)"]
[Site "Dresden GER"]
[Date "2007.04.12"]
[Round "9"]
[White "Khukhashvili, Sopiko"]
[Black "Peptan, Corina-Isabela"]
[Result "1-0"]
[WhiteElo "2334"]
[BlackElo "2422"]
[EventDate "2007.04.03"]
[PlyCount "105"]

1.e4 c5 2.b3 Nc6 3.Bb2 d6 4.Nc3 Nf6 5.f4 e6 6.Nf3 a6 7.a4 Be7 8.g3 Rb8 9.
Bg2 O-O 10.Qe2 Qc7 11.h3 Nd4 12.Qd3 e5 13.g4 Be6 14.Nxd4 cxd4 15.Ne2 d5 
16.fxe5 dxe4 17.Qg3 Nd7 18.Nxd4 Bd5 19.Nf5 Bd8 20.Ne3 Bc6 21.O-O b5 22.
axb5 axb5 23.g5 Re8 24.Ng4 Bxg5 25.Rxf7 Qb6+ 26.Rf2 Re6 27.Kh2 Qc7 28.Raf1
h5 29.Rf5 h4 30.Qc3 Qd8 31.Qd4 Qe7 32.Bxe4 Re8 33.Bxc6 Rxc6 34.Qd5+ Re6 
35.Rxg5 Nxe5 36.Nh6+ Kh7 37.Rh5 gxh6 38.Qg2 Rg6 39.Qf2 Nc6 40.Qf7+ Qxf7 
41.Rxf7+ Kg8 42.Rf2 Nb4 43.Rc5 Rg5 44.Rc7 Nd5 45.Rb7 b4 46.Bd4 Rc8 47.c3 
bxc3 48.dxc3 Nxc3 49.Rc2 Rg3 50.Be5 Re3 51.Rg2+ Kf8 52.Bg7+ Ke8 53.Bxc3 
1-0

[Event "8th EUR-ch (w)"]
[Site "Dresden GER"]
[Date "2007.04.12"]
[Round "9"]
[White "Pogonina, Natalia"]
[Black "Celuskina, Irina"]
[Result "1-0"]
[WhiteElo "2419"]
[BlackElo "2332"]
[EventDate "2007.04.03"]
[PlyCount "111"]

1.e4 c5 2.Nf3 Nc6 3.d4 cxd4 4.Nxd4 d6 5.c4 g6 6.Nc3 Bg7 7.Be3 Nf6 8.Be2 
Ng4 9.Bxg4 Bxd4 10.Bxd4 Bxg4 11.f3 Nxd4 12.Qxd4 e5 13.Qd5 Be6 14.Qb5+ Kf8 
15.O-O Qc7 16.b3 Kg7 17.Kh1 a6 18.Nd5 Qc6 19.Qb4 a5 20.Qd2 Bxd5 21.exd5 
Qc5 22.f4 Rhe8 23.fxe5 Rxe5 24.Rf2 Qe3 25.Qxe3 Rxe3 26.Raf1 f5 27.g4 fxg4 
28.Rf7+ Kh6 29.Rxb7 a4 30.Kg2 axb3 31.axb3 Ra3 32.Rb6 Raxb3 33.Rxd6 g3 34.
hxg3 Rxg3+ 35.Kf2 Rh3 36.Re1 Rbf3+ 37.Kg2 Rhg3+ 38.Kh2 Rg4 39.c5 Rf5 40.
Re3 Rf2+ 41.Kh3 Rff4 42.Rd7 Rh4+ 43.Kg2 Rfg4+ 44.Kf3 Rf4+ 45.Ke2 Rc4 46.c6
Rh2+ 47.Kd3 Ra4 48.Rde7 Ra5 49.c7 Ra3+ 50.Kd4 Rd2+ 51.Kc5 Rc2+ 52.Kd6 Ra5 
53.Ke6 g5 54.d6 Kg6 55.Re8 Rac5 56.Kd7 1-0

[Event "8th EUR-ch (w)"]
[Site "Dresden GER"]
[Date "2007.04.12"]
[Round "9"]
[White "Daulyte, Deimante"]
[Black "Vajda, Szidonia"]
[Result "1/2-1/2"]
[WhiteElo "2224"]
[BlackElo "2407"]
[EventDate "2007.04.03"]
[PlyCount "54"]

1.e4 e5 2.Nf3 Nc6 3.Bb5 Nf6 4.O-O Nxe4 5.Re1 Nd6 6.Nxe5 Nxe5 7.Rxe5+ Be7 
8.Bf1 O-O 9.d4 Bf6 10.Re1 Nf5 11.c3 d5 12.Nd2 Re8 13.Nf3 Rxe1 14.Qxe1 Be6 
15.Bd3 Qe7 16.Bf4 Nd6 17.Qb1 g6 18.Qc2 Re8 19.Re1 Qd7 20.Be5 Bg7 21.Bxg7 
Kxg7 22.Ne5 Qd8 23.Re3 Bf5 24.Bxf5 Nxf5 25.Re2 Re6 26.Kf1 Qe8 27.Nd3 Rxe2 
1/2-1/2

[Event "8th EUR-ch (w)"]
[Site "Dresden GER"]
[Date "2007.04.12"]
[Round "9"]
[White "Foisor, Cristina"]
[Black "Kursova, Maria"]
[Result "1-0"]
[WhiteElo "2384"]
[BlackElo "2324"]
[EventDate "2007.04.03"]
[PlyCount "113"]

1.Nf3 c5 2.g3 Nc6 3.Bg2 g6 4.c4 Bg7 5.Nc3 d6 6.O-O e5 7.a3 Nge7 8.d3 O-O 
9.Rb1 a5 10.Ne1 Be6 11.Nc2 d5 12.cxd5 Nxd5 13.Ne4 b6 14.Ng5 Bc8 15.Ne3 
Nce7 16.Nxd5 Nxd5 17.Qb3 Bb7 18.Ne4 Rb8 19.Bd2 h6 20.Qc4 Kh7 21.Nc3 Nxc3 
22.bxc3 f5 23.Rb2 Bxg2 24.Kxg2 Qf6 25.Rfb1 e4 26.Bf4 Rbe8 27.Rxb6 Qxc3 28.
Qxc3 Bxc3 29.Rc1 exd3 30.exd3 Bd4 31.Rb7+ Kg8 32.Bxh6 Rf7 33.Rxf7 Kxf7 34.
Kf3 Rb8 35.Be3 Rb3 36.Bxd4 cxd4 37.Ke2 Rxa3 38.Rc4 Ra2+ 39.Kf3 a4 40.Rxd4 
Ke6 41.h4 Ke5 42.Rb4 Kd5 43.Rb6 Kd4 44.Rxg6 Kxd3 45.Rf6 Kc4 46.Rxf5 Rd2 
47.Ra5 Kb4 48.Ra8 Rd5 49.Ke4 Rb5 50.g4 a3 51.Kd3 Kb3 52.h5 Rb4 53.f3 a2 
54.Rxa2 Kxa2 55.h6 Rb1 56.g5 Rh1 57.f4 1-0

[Event "8th EUR-ch (w)"]
[Site "Dresden GER"]
[Date "2007.04.12"]
[Round "9"]
[White "Bosboom-Lanchava, Tea"]
[Black "Muhren, Bianca"]
[Result "1-0"]
[WhiteElo "2383"]
[BlackElo "2311"]
[EventDate "2007.04.03"]
[PlyCount "85"]

1.Nf3 d5 2.d4 Nf6 3.e3 e6 4.c4 dxc4 5.Bxc4 c5 6.O-O a6 7.a4 Nc6 8.Qe2 Qc7 
9.b3 Be7 10.dxc5 O-O 11.Bb2 e5 12.h3 e4 13.Nfd2 Bf5 14.Rc1 Rad8 15.Nf1 Bg6
16.Nbd2 Ne5 17.Ng3 h5 18.Qe1 Bxc5 19.Bc3 Qe7 20.Ne2 Nd5 21.Bxd5 Nd3 22.Qf1
Rxd5 23.Rd1 h4 24.Nd4 Bd6 25.Nc4 Bb8 26.f4 exf3 27.Qxf3 Be4 28.Qe2 Qc7 29.
Nf3 b5 30.Ba5 Qg3 31.Ncd2 Bg6 32.Nf1 Qd6 33.Nxh4 Be4 34.Bc3 Rc8 35.Bxg7 
Rd8 36.Qg4 Bg6 37.Nxg6 fxg6 38.Bd4 Nb4 39.Qh4 Rf8 40.Qh6 Rxf1+ 41.Kxf1 
Rf5+ 42.Ke2 Kf7 43.Rf1 1-0

[Event "8th EUR-ch (w)"]
[Site "Dresden GER"]
[Date "2007.04.12"]
[Round "9"]
[White "Zakurdyaeva, Irina"]
[Black "Houska, Jovanka"]
[Result "1-0"]
[WhiteElo "2286"]
[BlackElo "2381"]
[EventDate "2007.04.03"]
[PlyCount "67"]

1.e4 c6 2.d4 d5 3.e5 c5 4.dxc5 e6 5.Nf3 Bxc5 6.Bd3 Nc6 7.c3 Nge7 8.O-O Ng6
9.Qe2 f6 10.Bxg6+ hxg6 11.Rd1 fxe5 12.Nxe5 Nxe5 13.Qxe5 Qf6 14.Qg3 Bd7 15.
Be3 Be7 16.Nd2 e5 17.Nf3 Rh5 18.Rxd5 Bc6 19.Rxe5 Bxf3 20.Bd4 Rxe5 21.Bxe5 
Qe6 22.gxf3 Kf7 23.Re1 Rd8 24.Re4 Rd1+ 25.Kg2 Qa6 26.c4 Bc5 27.Qf4+ Kg8 
28.Bc3 Bf8 29.Re8 Qd6 30.Qxd6 Rxd6 31.Bb4 Rf6 32.Rxf8+ Rxf8 33.Bxf8 Kxf8 
34.Kg3 1-0

[Event "8th EUR-ch (w)"]
[Site "Dresden GER"]
[Date "2007.04.12"]
[Round "9"]
[White "Vasilevich, Irina"]
[Black "Rudolph, Anna"]
[Result "1-0"]
[WhiteElo "2380"]
[BlackElo "2202"]
[EventDate "2007.04.03"]
[PlyCount "175"]

1.e4 Nf6 2.e5 Nd5 3.c4 Nb6 4.d4 d6 5.exd6 exd6 6.Nc3 Be7 7.Be3 Nc6 8.Qf3 
O-O 9.Rd1 Be6 10.b3 a5 11.Bd3 f5 12.Qh3 d5 13.c5 Nd7 14.Nge2 Bg5 15.g4 
Bxe3 16.Qxe3 Qf6 17.gxf5 Bf7 18.Kf1 Rae8 19.Qf4 Ne7 20.Rg1 c6 21.Re1 Kh8 
22.Nd1 Qh6 23.Qg3 Ng8 24.Ne3 Ngf6 25.Nf4 Nh5 26.Nxh5 Bxh5 27.Qc7 Nf6 28.
Rg3 Rf7 29.Qxa5 Rfe7 30.Kg2 Qf4 31.Qc3 Ne4 32.Bxe4 Rxe4 33.Qb4 R4e7 34.a4 
g6 35.fxg6 Bxg6 36.Qd2 Re4 37.Qc3 Rf8 38.Rf1 Qf6 39.Ng4 Qxd4 40.Qxd4+ Rxd4
41.Ne5 Be4+ 42.Kg1 Rd2 43.f3 Bf5 44.Re1 h6 45.a5 Ra2 46.b4 Ra4 47.Ng4 Rxb4
48.Nxh6 Rb1 49.Kf2 Rxe1 50.Kxe1 Kh7 51.Ng4 Ra8 52.Nf6+ Kh6 53.h4 Rxa5 54.
Rg5 Bb1 55.Nd7 Ra4 56.Rg4 Ra1 57.Kf2 Bf5 58.Ne5 Bxg4 59.fxg4 Rc1 60.Nd3 
Rc4 61.Kf3 Re4 62.Nf4 Re8 63.g5+ Kh7 64.Kg4 d4 65.h5 Re5 66.h6 Rxc5 67.Ne6
Re5 68.Nf8+ Kg8 69.h7+ Kg7 70.h8=Q+ Kxh8 71.Ng6+ Kg7 72.Nxe5 c5 73.Kf5 b5 
74.Ke4 b4 75.Nd3 b3 76.Nb2 Kg6 77.Kf4 Kg7 78.Na4 d3 79.Kf5 Kf7 80.g6+ Kg7 
81.Kg5 Kg8 82.Kf6 Kf8 83.g7+ Kg8 84.Kg6 b2 85.Nxb2 c4 86.Nxc4 d2 87.Kf6 
Kh7 88.Kf7 1-0

[Event "8th EUR-ch (w)"]
[Site "Dresden GER"]
[Date "2007.04.12"]
[Round "9"]
[White "Shukurova, Meihriban"]
[Black "Kachiani-Gersinska, Ketino"]
[Result "0-1"]
[WhiteElo "2193"]
[BlackElo "2375"]
[EventDate "2007.04.03"]
[PlyCount "46"]

1.e4 e5 2.Nf3 Nc6 3.Bb5 a6 4.Ba4 Nf6 5.Qe2 b5 6.Bb3 Be7 7.c3 O-O 8.O-O d5 
9.exd5 e4 10.Ng5 Na5 11.Bc2 Nxd5 12.Nxe4 f5 13.Ng3 f4 14.Ne4 f3 15.gxf3 
Nf4 16.Qe3 Nc4 17.Bb3 Kh8 18.Bxc4 bxc4 19.d4 cxd3 20.Nbd2 Bh3 21.Rd1 Bg2 
22.Ng3 Qd7 23.Nc4 Qh3 0-1

[Event "8th EUR-ch (w)"]
[Site "Dresden GER"]
[Date "2007.04.12"]
[Round "9"]
[White "Jurgens, Vera"]
[Black "Pahtz, Elisabeth"]
[Result "0-1"]
[WhiteElo "2290"]
[BlackElo "2442"]
[EventDate "2007.04.03"]
[PlyCount "92"]

1.d4 g6 2.e4 Bg7 3.Nc3 d6 4.h3 a6 5.a4 Nc6 6.Be3 Nf6 7.g3 O-O 8.Bg2 e5 9.
Nge2 Re8 10.O-O Bd7 11.Kh2 exd4 12.Nxd4 Ne5 13.Qc1 c5 14.Nde2 Bc6 15.Rd1 
Qe7 16.b3 Rad8 17.a5 Bb5 18.Nxb5 axb5 19.Ra2 Nc6 20.Bg5 Nb4 21.Ra3 h6 22.
Bxf6 Qxf6 23.c3 Nc6 24.Ra2 b4 25.cxb4 Nxb4 26.Rad2 Qxf2 27.Nf4 Qe3 28.Rxd6
Qxc1 29.Rxd8 Qxd1 30.Rxd1 Nc6 31.Rd5 Nxa5 32.b4 Nc4 33.Rxc5 Ne3 34.Rb5 Ra8
35.Nd5 Nc2 36.Ra5 Re8 37.Rb5 Ne1 38.Rxb7 Ra8 39.h4 Ra2 40.Rb8+ Kh7 41.Nf4 
g5 42.hxg5 hxg5 43.Nh5 g4 44.Kh1 Rxg2 45.Rb7 Rf2 46.Nxg7 Nf3 0-1

[Event "8th EUR-ch (w)"]
[Site "Dresden GER"]
[Date "2007.04.12"]
[Round "9"]
[White "Dzagnidze, Nana"]
[Black "Rudolf, Anna"]
[Result "0-1"]
[WhiteElo "2435"]
[BlackElo "2301"]
[EventDate "2007.04.03"]
[PlyCount "70"]

1.d4 e6 2.c4 Nf6 3.Nf3 d5 4.Nc3 dxc4 5.e3 a6 6.Bxc4 b5 7.Bd3 Bb7 8.Qe2 
Nbd7 9.e4 b4 10.Na4 c5 11.dxc5 Nxc5 12.Nxc5 Bxc5 13.Bg5 Qb6 14.O-O h6 15.
Bh4 O-O 16.Ne5 Qc7 17.Nc4 Qf4 18.Bg3 Qg4 19.Qxg4 Nxg4 20.Na5 Ra7 21.Rac1 
Bb6 22.Nxb7 Rxb7 23.Bxa6 Ra7 24.Bc4 Bd4 25.Rc2 Rc8 26.Rfc1 Nf6 27.Bd6 Nxe4
28.Bxb4 Nxf2 29.Rxf2 Rxa2 30.Kf1 Bxf2 31.b3 Bb6 32.Be1 Rc5 33.Rc3 Ba5 34.
Re3 Rf5+ 35.Kg1 Bb6 0-1

[Event "8th EUR-ch (w)"]
[Site "Dresden GER"]
[Date "2007.04.12"]
[Round "9"]
[White "Cherednichenko, Svetlana"]
[Black "Mkrtchian, Lilit"]
[Result "0-1"]
[WhiteElo "2280"]
[BlackElo "2424"]
[EventDate "2007.04.03"]
[PlyCount "108"]

1.d4 d5 2.c4 e6 3.Nc3 Be7 4.Nf3 Nf6 5.Bg5 h6 6.Bh4 O-O 7.Rc1 b6 8.cxd5 
exd5 9.e3 Bb7 10.Bd3 Nbd7 11.O-O c5 12.Qe2 Ne4 13.Bxe7 Qxe7 14.Ba6 Ndf6 
15.Bxb7 Qxb7 16.dxc5 bxc5 17.Rfd1 Rfd8 18.Ne5 c4 19.Nxe4 Nxe4 20.Rd4 Re8 
21.Nf3 Rab8 22.Rc2 Re6 23.Nh4 Rb6 24.f3 Nc5 25.b3 Ne6 26.Rd1 cxb3 27.axb3 
Rxb3 28.Nf5 Kh7 29.Rcd2 g6 30.Nd4 Nxd4 31.Rxd4 Re8 32.Rxd5 Rbxe3 33.Qc4 
Re1+ 34.Rxe1 Rxe1+ 35.Kf2 Qe7 36.Rc5 Ra1 37.Kg3 Qf6 38.Rc7 Kg7 39.Rc8 Ra5 
40.Kf2 Qb2+ 41.Ke3 Re5+ 42.Kf4 Rf5+ 43.Ke4 Qxg2 44.Qc3+ Rf6 45.Rg8+ Kxg8 
46.Qxf6 Qe2+ 47.Kf4 Qxh2+ 48.Ke4 Qe2+ 49.Kf4 Qe6 50.Qd4 Qb6 51.Qc3 a5 52.
Kg3 a4 53.Qc8+ Kg7 54.f4 Qe3+ 0-1

[Event "8th EUR-ch (w)"]
[Site "Dresden GER"]
[Date "2007.04.12"]
[Round "9"]
[White "Franciskovic, Borka"]
[Black "Dworakowska, Joanna"]
[Result "1/2-1/2"]
[WhiteElo "2227"]
[BlackElo "2363"]
[EventDate "2007.04.03"]
[PlyCount "187"]

1.c4 Nf6 2.Nf3 g6 3.g3 Bg7 4.Bg2 O-O 5.O-O d6 6.Nc3 a6 7.d3 c6 8.Rb1 e5 9.
b4 Re8 10.Bg5 h6 11.Bxf6 Bxf6 12.a4 Bg7 13.b5 Be6 14.Nd2 f5 15.Qb3 Ra7 16.
Rfc1 h5 17.bxc6 bxc6 18.Qb6 Rc7 19.Qa5 Bf6 20.Rb6 Rb7 21.Rcb1 e4 22.Rxa6 
Bxc3 23.Qxd8 Rxd8 24.Rxb7 Nxa6 25.Nb1 Nc5 26.Ra7 Bb4 27.Bf1 d5 28.cxd5 
Bxd5 29.d4 Ne6 30.e3 Rb8 31.Rd7 Ra8 32.Rb7 Rxa4 33.Be2 Bf8 34.Nc3 Bc4 35.
Nxa4 Bxe2 36.Nb6 Nd8 37.Rb8 Be7 38.Nc8 Bf6 39.Na7 Kf7 40.Rb6 Bc4 41.Nxc6 
Nxc6 42.Rxc6 Bd5 43.Rd6 Be6 44.Kg2 Ke7 45.Rb6 Kf7 46.f4 exf3+ 47.Kxf3 g5 
48.Rb7+ Kg6 49.Rb5 Bc4 50.Rc5 Bd3 51.Ra5 Kf7 52.Ra7+ Ke6 53.Rh7 Be4+ 54.
Kf2 h4 55.Ra7 Be7 56.Ra5 Bd6 57.Ra7 h3 58.Rh7 Bg2 59.Rh6+ Kd5 60.Rf6 Be4 
61.Rh6 g4 62.Ke2 Bf3+ 63.Kd3 Bb4 64.Rh8 Be1 65.Rh6 Bf2 66.Rh5 Ke6 67.d5+ 
Bxd5 68.Ke2 Bg1 69.Rh8 Bc4+ 70.Ke1 Kd5 71.Re8 Bd3 72.Re7 Bb5 73.Rb7 Bc6 
74.Re7 Kd6 75.Rf7 Ke5 76.Re7+ Kd5 77.Kf1 Kd6 78.Rf7 Bxh2 79.Kf2 Be4 80.Ra7
Kc5 81.Ra4 Kd5 82.Rd4+ Ke5 83.Ra4 Kd6 84.Ra5 Ke6 85.Rb5 Kf6 86.Ra5 Kg5 87.
Ra6 Bd5 88.Rd6 Bf3 89.Ra6 Be4 90.Rd6 Bxg3+ 91.Kxg3 h2 92.Kxh2 f4 93.exf4+ 
Kxf4 94.Kg1 1/2-1/2

[Event "8th EUR-ch (w)"]
[Site "Dresden GER"]
[Date "2007.04.12"]
[Round "9"]
[White "Golubenko, Valentina"]
[Black "Vozovic, Oksana"]
[Result "1-0"]
[WhiteElo "2271"]
[BlackElo "2356"]
[EventDate "2007.04.03"]
[PlyCount "149"]

1.Nf3 g6 2.c4 Bg7 3.Nc3 d6 4.d4 Bg4 5.e3 Bxf3 6.Qxf3 Nc6 7.Bd3 Nf6 8.O-O 
O-O 9.a3 a5 10.Rb1 e5 11.d5 Ne7 12.b4 Nd7 13.e4 f5 14.Qd1 f4 15.f3 g5 16.
Na4 b6 17.Bd2 axb4 18.axb4 h5 19.c5 g4 20.cxd6 cxd6 21.Nc3 Nf6 22.Nb5 h4 
23.fxg4 h3 24.g5 hxg2 25.Rf2 Ne8 26.Qg4 Ng6 27.Rf3 Qc8 28.Qxc8 Rxc8 29.Be1
Kf7 30.h4 Rh8 31.Rh3 Kg8 32.Kxg2 f3+ 33.Kf1 Bf8 34.Bf2 Be7 35.Rxf3 Bd8 36.
Na7 Ra8 37.Nc6 Bc7 38.Be2 Ra2 39.Bc4 Ra8 40.Bg3 Kg7 41.Rf2 b5 42.Bxb5 Bb6 
43.Rfb2 Nxh4 44.Ne7 Nc7 45.Bc6 Raf8+ 46.Ke2 Nf3 47.Nf5+ Rxf5 48.exf5 Nd4+ 
49.Kf1 Nxf5 50.Bf2 Nd4 51.Kg2 Rh5 52.b5 Rxg5+ 53.Kh3 Kf7 54.Rf1 Kg6 55.Be3
Rh5+ 56.Kg4 Rh7 57.Rbf2 Rg7 58.Rh2 Rh7 59.Rxh7 Kxh7 60.Rf6 Kg7 61.Rxd6 Kf7
62.Rd7+ Kg6 63.d6 Nce6 64.Rb7 Bc5 65.Be8+ Kf6 66.Rf7+ Kg6 67.d7 Bb6 68.
Rf5+ Kg7 69.Rxe5 Kf6 70.Rxe6+ Nxe6 71.Bxb6 Ke7 72.Ba5 Kf8 73.b6 Nd8 74.
Bb4+ Kg7 75.Be7 1-0

[Event "8th EUR-ch (w)"]
[Site "Dresden GER"]
[Date "2007.04.12"]
[Round "9"]
[White "Schone, Maria"]
[Black "Michna, Marta"]
[Result "1-0"]
[WhiteElo "2151"]
[BlackElo "2355"]
[EventDate "2007.04.03"]
[PlyCount "119"]

1.e4 e6 2.d4 d5 3.Nc3 Bb4 4.e5 c5 5.a3 Bxc3+ 6.bxc3 Nc6 7.Nf3 Bd7 8.Rb1 
Qc7 9.Bf4 Nge7 10.Bd3 Na5 11.O-O c4 12.Be2 Ba4 13.h4 Nac6 14.h5 h6 15.Nh2 
O-O-O 16.Bg4 b6 17.Bh3 Kb7 18.Kh1 a5 19.Qd2 Na7 20.Rg1 Nb5 21.Rb2 Nc6 22.
Ra2 Qe7 23.Rga1 Rdg8 24.g3 Re8 25.Ng4 f5 26.exf6 gxf6 27.Nxh6 Qg7 28.Kg2 
Rh7 29.Rh1 Nd8 30.Qe3 Na7 31.Rb2 Bd7 32.Rhb1 Nc8 33.Rh1 Reh8 34.Ng4 Rxh5 
35.Nxf6 Rxh3 36.Rxh3 Rxh3 37.Qe5 Ka6 38.Kxh3 Bc6 39.Ng4 Qh7+ 40.Kg2 Bb7 
41.Ne3 Qg6 42.Qg5 Qe8 43.Be5 Nc6 44.Qf6 Nxe5 45.Qxe5 Qa4 46.Ra2 Qb5 47.Ra1
Qb2 48.Rd1 Qxa3 49.g4 Qe7 50.g5 Nd6 51.g6 Ne8 52.Rh1 a4 53.Rh7 Qf8 54.Ng4 
a3 55.Qb8 Bc6 56.Ne5 Qf5 57.Qa7+ Kb5 58.Qxa3 Qxc2 59.Ra7 Qe4+ 60.Kg3 1-0

[Event "8th EUR-ch (w)"]
[Site "Dresden GER"]
[Date "2007.04.12"]
[Round "9"]
[White "Mamedyarova, Zeinab"]
[Black "Nemcova, Katerina"]
[Result "1-0"]
[WhiteElo "2354"]
[BlackElo "2164"]
[EventDate "2007.04.03"]
[PlyCount "55"]

1.d4 Nf6 2.c4 g6 3.Nf3 Bg7 4.g3 O-O 5.Bg2 d6 6.O-O Nc6 7.d5 Na5 8.Qa4 c5 
9.Bd2 b6 10.Bc3 a6 11.Nbd2 Bd7 12.Qc2 b5 13.b3 Ne8 14.e4 Rb8 15.Rfe1 Qb6 
16.e5 Bf5 17.Qc1 Nb7 18.exd6 exd6 19.Bxg7 Nxg7 20.h3 Nd8 21.g4 Bc8 22.Ne4 
f5 23.Qh6 Rb7 24.Neg5 Ne8 25.Rxe8 Rxe8 26.Nxh7 Rf7 27.Qxg6+ Kh8 28.Nf6 1-0

[Event "8th EUR-ch (w)"]
[Site "Dresden GER"]
[Date "2007.04.12"]
[Round "9"]
[White "Guramishvili, Sopiko"]
[Black "Sudakova, Irina"]
[Result "1/2-1/2"]
[WhiteElo "2267"]
[BlackElo "2371"]
[EventDate "2007.04.03"]
[PlyCount "119"]

1.d4 d5 2.c4 e6 3.Nf3 c6 4.Qc2 dxc4 5.Qxc4 Nf6 6.Bg5 b5 7.Qc2 Bb7 8.e3 
Nbd7 9.Bd3 Rc8 10.Qe2 h6 11.Bh4 Be7 12.O-O O-O 13.Rd1 Nd5 14.Bg3 Nb4 15.
Nc3 Nxd3 16.Qxd3 a6 17.Qe2 Qb6 18.a4 Rfd8 19.Ne5 Ba8 20.Nxd7 Rxd7 21.Qg4 
c5 22.Be5 f6 23.dxc5 Rxd1+ 24.Rxd1 Qxc5 25.Qxe6+ Kh8 26.Bg3 Qc6 27.Qxc6 
Bxc6 28.axb5 axb5 29.Ne2 b4 30.Nd4 Ba4 31.Ra1 Bd7 32.Kf1 Bc5 33.Rc1 Bxd4 
34.Rxc8+ Bxc8 35.exd4 Ba6+ 36.Ke1 Bc4 37.Kd2 Kg8 38.Bd6 b3 39.Kc3 Bd5 40.
g3 Kf7 41.Kb4 h5 42.Kc5 Ke6 43.Bf8 g6 44.Bg7 f5 45.Be5 Bf3 46.Kb6 Kd7 47.
Kb5 Ke6 48.Kc4 Bd5+ 49.Kd3 Be4+ 50.Ke3 Bb7 51.Kf4 Bd5 52.Bc7 Bb7 53.f3 Ba8
54.h3 Bb7 55.Be5 Ba8 56.g4 fxg4 57.hxg4 hxg4 58.Kxg4 Bb7 59.Kg5 Bxf3 60.
Kxg6 1/2-1/2

[Event "8th EUR-ch (w)"]
[Site "Dresden GER"]
[Date "2007.04.12"]
[Round "9"]
[White "Karlovich, Anastazia"]
[Black "Vasilkova, Svetlana"]
[Result "0-1"]
[WhiteElo "2266"]
[BlackElo "2346"]
[EventDate "2007.04.03"]
[PlyCount "62"]

1.e4 c5 2.Nf3 d6 3.Bc4 Nc6 4.c3 Nf6 5.d3 g6 6.O-O Bg7 7.a4 O-O 8.Ba2 a6 9.
Re1 Rb8 10.d4 cxd4 11.Nxd4 Bd7 12.Na3 Qc7 13.f3 e5 14.Ndc2 b5 15.axb5 axb5
16.Be3 Be6 17.Bxe6 fxe6 18.Qd3 d5 19.Nxb5 Qb7 20.Na7 Nxa7 21.Rxa7 Qxb2 22.
Nb4 Rfc8 23.Na2 d4 24.Bg5 dxc3 25.Bxf6 Qb6+ 26.Qe3 Bxf6 27.Qxb6 Rxb6 28.
Nxc3 Rxc3 29.Rd1 Rcb3 30.h4 Bxh4 31.Rad7 Bf2+ 0-1

[Event "8th EUR-ch (w)"]
[Site "Dresden GER"]
[Date "2007.04.12"]
[Round "9"]
[White "Calzetta Ruiz, Monica"]
[Black "Kulovana, Eva"]
[Result "1/2-1/2"]
[WhiteElo "2340"]
[BlackElo "2267"]
[EventDate "2007.04.03"]
[PlyCount "104"]

1.e4 c6 2.c4 d5 3.exd5 cxd5 4.cxd5 Nf6 5.Qa4+ Nbd7 6.Nc3 g6 7.Bc4 Bg7 8.d3
O-O 9.Nge2 a6 10.Qa3 b6 11.Nd4 Bb7 12.O-O b5 13.Bb3 Ne5 14.Rd1 Nxd5 15.
Nxd5 Bxd5 16.Bxd5 Qxd5 17.Be3 Ng4 18.Nf3 a5 19.d4 Rfc8 20.Bg5 Rc2 21.Rd2 
Rxd2 22.Bxd2 b4 23.Qd3 Nf6 24.a3 bxa3 25.Rxa3 a4 26.h3 e6 27.Qc2 Ne4 28.
Be3 h6 29.Rxa4 Rb8 30.Ra7 Nd6 31.Bf4 Rc8 32.Rc7 Rxc7 33.Qxc7 Nf5 34.Qb8+ 
Kh7 35.Be5 Nxd4 36.Bxd4 Bxd4 37.Nxd4 Qxd4 38.b4 e5 39.b5 Qc5 40.g3 e4 41.
Qb7 Kg7 42.Qc6 Qd4 43.b6 Qd1+ 44.Kh2 Qd4 45.Kg2 Qb2 46.Qc5 h5 47.h4 Kh7 
48.Qe7 Kg7 49.Qc5 Kh7 50.Qe7 Kg7 51.b7 e3 52.Qxe3 Qxb7+ 1/2-1/2

[Event "8th EUR-ch (w)"]
[Site "Dresden GER"]
[Date "2007.04.12"]
[Round "9"]
[White "Kadimova, Ilaha"]
[Black "Rybenko, Ksenia"]
[Result "1-0"]
[WhiteElo "2339"]
[BlackElo "2239"]
[EventDate "2007.04.03"]
[PlyCount "73"]

1.d4 Nf6 2.c4 g6 3.Nc3 Bg7 4.e4 d6 5.Be2 O-O 6.Nf3 e5 7.Be3 Ng4 8.Bg5 f6 
9.Bh4 g5 10.Bg3 Nh6 11.d5 f5 12.exf5 Nxf5 13.Nd2 Nd4 14.O-O Bf5 15.Nde4 
Nd7 16.Bg4 h6 17.Bxf5 Rxf5 18.b4 Qe8 19.Nb5 Nxb5 20.cxb5 Nf6 21.Qd3 Qd7 
22.Rac1 Rf8 23.a4 h5 24.h3 h4 25.Bh2 g4 26.Nxf6+ R5xf6 27.hxg4 Qxg4 28.Rc4
Qg5 29.Qh3 e4 30.Rxe4 Rxf2 31.Qe6+ Kh8 32.Rxf2 Bd4 33.Be5+ dxe5 34.Rxd4 
Qc1+ 35.Kh2 Rxf2 36.Rxh4+ Kg7 37.Rg4+ 1-0

[Event "8th EUR-ch (w)"]
[Site "Dresden GER"]
[Date "2007.04.12"]
[Round "9"]
[White "Srebrnic, Ana"]
[Black "Klinova, Masha"]
[Result "1/2-1/2"]
[WhiteElo "2262"]
[BlackElo "2330"]
[EventDate "2007.04.03"]
[PlyCount "105"]

1.Nf3 c5 2.c4 Nc6 3.d4 cxd4 4.Nxd4 Nf6 5.Nc3 g6 6.e4 d6 7.Be2 Nxd4 8.Qxd4 
Bg7 9.Bg5 O-O 10.Qd2 Be6 11.O-O a6 12.f3 Rc8 13.Nd5 Nxd5 14.cxd5 Bd7 15.
Rac1 f6 16.Be3 f5 17.Rxc8 Qxc8 18.Rc1 Qb8 19.Bd3 fxe4 20.Bxe4 Rc8 21.b3 
Rxc1+ 22.Qxc1 Qc8 23.Qxc8+ Bxc8 24.g4 Kf7 25.Kf2 Bb2 26.h4 Bd7 27.h5 b5 
28.hxg6+ hxg6 29.Kg3 Bc3 30.Kh4 Bf6+ 31.Kg3 a5 32.Bd2 b4 33.Kf4 Bb5 34.Be1
g5+ 35.Ke3 Be5 36.Bd3 Be8 37.Bf5 Kf6 38.Bf2 Bb5 39.Be1 Bf4+ 40.Ke4 Be2 41.
Bf2 Bd1 42.Bd4+ Be5 43.Bb6 a4 44.bxa4 Bxa4 45.Ba5 b3 46.axb3 Bxb3 47.Be6 
Bc2+ 48.Ke3 Bf4+ 49.Ke2 Be5 50.Bd2 Ba4 51.Be3 Bb5+ 52.Kf2 Bc4 53.Kg2 
1/2-1/2

[Event "8th EUR-ch (w)"]
[Site "Dresden GER"]
[Date "2007.04.12"]
[Round "9"]
[White "Tsoganova, Monika"]
[Black "Sharevich, Anna"]
[Result "1-0"]
[WhiteElo "2185"]
[BlackElo "2323"]
[EventDate "2007.04.03"]
[PlyCount "175"]

1.d4 d5 2.c4 e6 3.Nc3 Be7 4.Nf3 Nf6 5.Bg5 h6 6.Bh4 O-O 7.e3 b6 8.Be2 Bb7 
9.Bxf6 Bxf6 10.cxd5 exd5 11.b4 c6 12.O-O a5 13.a3 Nd7 14.Qb3 axb4 15.axb4 
b5 16.e4 dxe4 17.Nxe4 Nb6 18.Rxa8 Nxa8 19.Nxf6+ Qxf6 20.Ne5 Nb6 21.Bf3 Qd6
22.Rd1 Nd5 23.Bxd5 cxd5 24.Rc1 f6 25.Nd3 Re8 26.g3 h5 27.h4 g5 28.hxg5 h4 
29.gxf6 Qxf6 30.Ne5 Re7 31.Qf3 Qh6 32.Qf4 Qxf4 33.gxf4 Kg7 34.Kg2 Kf6 35.
Kf3 Rh7 36.Ng4+ Kg6 37.Rc5 h3 38.Rxb5 Bc8 39.Rb6+ Kf7 40.Nh2 Rg7 41.Rc6 
Bd7 42.Rh6 Rg2 43.Nf1 Bg4+ 44.Ke3 Rg1 45.Ng3 Rb1 46.f5 Rxb4 47.Rh4 Bd1 48.
Rxh3 Rb3+ 49.Kf4 Rf3+ 50.Ke5 Rxf2 51.Rh7+ Kg8 52.Rh1 Bg4 53.Rh4 Bd1 54.f6 
Rg2 55.Nf5 Re2+ 56.Kxd5 Bb3+ 57.Kc5 Kf7 58.Rh6 Rc2+ 59.Kb4 Be6 60.Nd6+ Kg8
61.Rh4 Rc6 62.Nb5 Kf7 63.Rf4 Bd7 64.Nc3 Rb6+ 65.Kc4 Rc6+ 66.Kd3 Rxf6 67.
Rh4 Bf5+ 68.Kc4 Ke6 69.d5+ Kd7 70.Kc5 Rf8 71.Rf4 Rc8+ 72.Kd4 Bg6 73.Rf6 
Bc2 74.Nb5 Rh8 75.Rf7+ Kd8 76.Ra7 Rh1 77.Kc5 Bf5 78.Nd4 Bg4 79.Nc6+ Kc8 
80.Rg7 Bf3 81.Rg8+ Kb7 82.Rb8+ Kc7 83.d6+ Kd7 84.Rb7+ Ke6 85.Nd4+ Kf6 86.
Nxf3 Rc1+ 87.Kd5 Rd1+ 88.Nd4 1-0

[Event "8th EUR-ch (w)"]
[Site "Dresden GER"]
[Date "2007.04.12"]
[Round "9"]
[White "Paulet, Iozefina"]
[Black "Kochetkova, Yulia"]
[Result "0-1"]
[WhiteElo "2241"]
[BlackElo "2320"]
[EventDate "2007.04.03"]
[PlyCount "178"]

1.e4 e5 2.Nf3 Nc6 3.Bb5 a6 4.Ba4 Nf6 5.O-O b5 6.Bb3 Bc5 7.c3 Bb6 8.d4 d6 
9.a4 Rb8 10.h3 O-O 11.Na3 Bb7 12.Re1 exd4 13.cxd4 Nb4 14.Nc2 Nxc2 15.Bxc2 
Re8 16.a5 Ba7 17.Bg5 h6 18.Bh4 c5 19.d5 Qe7 20.b3 c4 21.bxc4 bxc4 22.Nd4 
Qe5 23.Nf5 Bc8 24.Bg3 Qc3 25.Ne3 Bc5 26.Rc1 Ba3 27.Rb1 Bb4 28.Ba4 Rd8 29.
Bh4 g5 30.Qf3 gxh4 31.Rec1 Qe5 32.Rxc4 Nh7 33.Ng4 Qg7 34.Rcxb4 Rxb4 35.
Rxb4 h5 36.Ne3 Ng5 37.Qxh5 Nxh3+ 38.Kf1 Ng5 39.Qxh4 Qf6 40.Qg3 Kf8 41.f4 
Nh7 42.Bc2 Qc3 43.Qe1 Qg7 44.Qh4 Qa1+ 45.Rb1 Qf6 46.Qxf6 Nxf6 47.e5 dxe5 
48.fxe5 Nd7 49.Bf5 Ke8 50.Bxd7+ Bxd7 51.Rb7 Rc8 52.Kf2 Rc5 53.g4 Rxa5 54.
g5 Rc5 55.Ra7 a5 56.Kf3 Rb5 57.Ke4 Rb4+ 58.Kf3 Rb5 59.g6 fxg6 60.Kf4 Rb4+ 
61.Kg5 Re4 62.Kf6 Rf4+ 63.Kxg6 Re4 64.Kf6 Rf4+ 65.Kg5 Re4 66.Nf5 Rxe5 67.
Rxa5 Rxf5+ 68.Kg6 Rf2 69.d6 Bc6 70.Ra7 Rd2 71.Re7+ Kd8 72.Kf6 Bd5 73.Ke5 
Ba2 74.Ra7 Bd5 75.Re7 Bg8 76.Rg7 Rd5+ 77.Ke4 Be6 78.d7 Rd1 79.Ke5 Bxd7 80.
Rg8+ Kc7 81.Kf6 Kd6 82.Rg2 Rf1+ 83.Kg7 Be6 84.Rd2+ Ke7 85.Rb2 Rg1+ 86.Kh6 
Kf6 87.Rb5 Rg8 88.Kh7 Rc8 89.Rb6 Rc2 0-1

[Event "8th EUR-ch (w)"]
[Site "Dresden GER"]
[Date "2007.04.12"]
[Round "9"]
[White "Velikhanli, Firuza"]
[Black "Andriasian, Siranush"]
[Result "1/2-1/2"]
[WhiteElo "2310"]
[BlackElo "2252"]
[EventDate "2007.04.03"]
[PlyCount "36"]

1.e4 e5 2.Nf3 Nc6 3.Bc4 Nf6 4.d3 Bc5 5.c3 a6 6.Bb3 d6 7.h3 Ba7 8.Nbd2 O-O 
9.O-O h6 10.Re1 Be6 11.Nf1 Re8 12.Ng3 Bxb3 13.axb3 d5 14.Qe2 Qd7 15.Nh4 
dxe4 16.dxe4 Rad8 17.Nh5 Nxh5 18.Qxh5 Qe6 1/2-1/2

[Event "8th EUR-ch (w)"]
[Site "Dresden GER"]
[Date "2007.04.12"]
[Round "9"]
[White "Mader, Manuela"]
[Black "Schuurman, Petra"]
[Result "0-1"]
[WhiteElo "2223"]
[BlackElo "2295"]
[EventDate "2007.04.03"]
[PlyCount "102"]

1.e4 c6 2.d4 d5 3.Nc3 dxe4 4.Nxe4 Bf5 5.Ng3 Bg6 6.h4 h6 7.Nf3 Nd7 8.h5 Bh7
9.Bd3 Bxd3 10.Qxd3 e6 11.Bd2 Ngf6 12.O-O-O Be7 13.Qe2 O-O 14.Kb1 Qb6 15.c4
Qa6 16.Bc3 b5 17.cxb5 Qxb5 18.Ne5 Nb6 19.Qxb5 cxb5 20.f4 Nfd5 21.f5 Nxc3+ 
22.bxc3 Na4 23.Rd3 Rac8 24.Rc1 Bg5 25.Rc2 Rfe8 26.Ne4 f6 27.Nf3 Rcd8 28.
fxe6 Rxe6 29.Ng3 Rde8 30.a3 Nb6 31.Nf5 Nc4 32.Ra2 Bf4 33.d5 Ra6 34.N5d4 
Nxa3+ 35.Ka1 Rb8 36.c4 b4 37.Nc6 b3 38.Rxa3 Rxa3+ 39.Kb2 Ra2+ 40.Kb1 Rb6 
41.c5 Rb7 42.Nfd4 Rxg2 43.Rxb3 Rd7 44.Nf5 Rg5 45.Nce7+ Kf7 46.d6 Rxe7 47.
Nxe7 Rxc5 48.Rb7 Bxd6 49.Nf5+ Bc7 50.Rxa7 Rxf5 51.Rxc7+ Kg8 0-1